Kraje z graczami La liga - Statystyki

Ogólne statystyki
  • Ten quiz został rozwiązany 444 razy
  • Średni wynik to 15 z 25
Statystyki odpowiedzi
# Liczba piłkarzy Kraj % Poprawnych
1 458 Hiszpania
99%
3 24 Francja
94%
20 3 Niemcy
91%
4 22 Brazylia
90%
2 38 Argentyna
89%
7 11 Portugalia
88%
10 7 Holandia
76%
14 5 Belgia
75%
5 18 Urugwaj
70%
16 5 Stany Zjednoczone
67%
17 4 Szwecja
61%
13 5 Chorwacja
60%
8 8 Kolumbia
59%
12 7 Meksyk
59%
15 5 dania
57%
22 3 Chile
55%
11 7 Maroko
53%
23 2 Turcja
48%
6 12 Serbia
43%
9 8 Senegal
37%
21 3 Ghana
27%
24 2 Wenezuela
26%
19 4 Wybrzeże Kości Słoniowej
26%
18 4 Albania
17%
25 2 Macedonia Północna
11%
Nie znaleziono quizów pasujących do podanych kryteriów
Rozkład punktacji
Procent ludzi z każdym wynikiem
Percentyl według liczby udzielonych odpowiedzi
Twoja historia wyników
Nie rozwiązałeś tego quizu